000 00691cam a22002533a 4500
001 32393
003 PGUSA
005 20140828083712.0
008 100515s2010||||xxu|||||s|||||000 1 eng d
040 _aPGUSA
_beng
042 _adc
050 4 _aPS
050 4 _aPZ
100 1 _aOtis, James,
_d1848-1912
245 1 0 _aToby Tyler; Or, Ten Weeks with a Circus
_h[electronic resource] /
_cJames Otis
260 _bProject Gutenberg,
_c2010
506 _aPublic domain in the USA.
516 _aElectronic text
653 _aRunaways -- Fiction
653 _aCircus -- Fiction
830 0 _aProject Gutenberg
_v32393
856 4 0 _uhttp://www.gutenberg.org/ebooks/32393
942 _cEB
999 _c261648
_d261648